000 01229nam a2200325Ia 4500
001 ebr10250332
003 CaPaEBR
006 m u
007 cr cn|||||||||
008 080331s2008 inua s 001 0 eng d
010 _z 2008014649
020 _z9780470275870
020 _z0470275871
040 _aCaPaEBR
_cCaPaEBR
035 _a(OCoLC)608623196
050 1 4 _aQA76.76.O63
_bW488 2008eb
100 1 _aWhittaker, Roger,
_d1955-
245 1 0 _aOpenSUSE 11.0 and SUSE Linux Enterprise Server bible
_h[electronic resource] /
_cRoger Whittaker, Justin Davies.
246 3 0 _aSUSE Linux enterprise server bible
260 _aIndianapolis, IN :
_bWiley Pub.,
_cc2008.
300 _axlvi, 782 p. :
_bill.
500 _aIncludes index.
533 _aElectronic reproduction.
_bPalo Alto, Calif. :
_cebrary,
_d2009.
_nAvailable via World Wide Web.
_nAccess may be limited to ebrary affiliated libraries.
630 0 0 _aLinux.
650 0 _aOperating systems (Computers)
655 7 _aElectronic books.
_2local
700 1 _aDavies, Justin,
_d1979-
710 2 _aebrary, Inc.
856 4 0 _uhttp://site.ebrary.com/lib/rucke/Doc?id=10250332
_zAn electronic book accessible through the World Wide Web; click to view
999 _c149868
_d149868